000 00715nam a22002537a 4500
001 BR9509769
003 BR-BrBNA
005 20230928095040.0
007 ta
008 230509b bl.||||| |||| 00| 0 por d
040 _aBR-BrBNA
_bpor
_cBiblioteca Nacional de Agricultura
041 _a(Por)
072 _aE80
090 _ E80 BR9509769
110 1 _aSecretaria de Agricultura e Abastecimento, Sao Paulo, SP (Brasil). Coordenadoria de Abastecimento
_98647
245 1 _aDiga nao ao desperdicio
260 3 _aSao Paulo, SP (Brasil):
_c[nd].
300 _a48 p.
650 _aCulinaria
650 _aDesperdicio
650 _aAlimento Alternativo
909 _a202309
_bLucia
_c55
_dLucia Elande
942 _cBK
999 _c54198
_d54198